000
00317nam a22001457a 4500
020
_a
978-93-325-5700-0
041
_a
ENG
100
_a
Massie.J.L
245
_a
Essentials of Management
250
_a
4 Edition
260
_a
India
_b
Pearson
_c
2016
300
_a
301
650
_a
Economic
856
_u
Compuetitive Exam
999
_c
50
_d
50